000 004700000a22001810004500
003 MACL
005 20150918120226.0
008 150918b xxu||||| |||| 00| 0 eng d
040 _aMACL
_cMACL
041 _aEnglish
082 _a824/SRZ
100 _aSrinivas, M N
_9846
245 _aThe Cohesive Role of Sanskritization and other Essays
260 _bOxford & IBH Publishing Co.
_c1989
_aNew Delhi
350 _a150
650 _aEssay
_98946
942 _cBK
_k824
_2ddc
999 _c5194
_d5194